000 00411nam a2200157Ia 4500
008 230917s9999||||xx |||||||||||||| ||und||
020 _cRS0.5
040 _e13312
_aMAIN
041 _aEnglish
082 _a301.35 S13G
100 _aShah, Ghanshyam Chaturvedi
245 0 _aGandhian approach to rural development: the valod experiment
260 _aDelhi
_bAjanta
_c1983
300 _aix,137 p.
942 _cBK
999 _c36290
_d36290